Cities by clues: Nordics - Statistics

General Stats
  • This quiz has been taken 37 times
  • The average score is 10 of 20
Answer Stats
Hint Answer % Correct
Turning Torso, Zlatan - King of Zweden, Öresund bridge Malmö
97%
Tivoli, Andersen, hygge, Freetown Christiania Copenhagen
94%
Church of Hallgrímur, Þjóðmenningarhúsið, 1986 Gorbachev+Reagan Reykjavík
85%
"City of Seven Mountains", Fløibanen funicular, Royal Norwegian Navy Bergen
82%
"Manchester of Finland", red city, black sausage, Lenin museum Tampere
67%
Öland bridge, ______ Union, by the Baltic Sea Kalmar
58%
Air Guitar World Championships, fat market square cop, Sentenced Oulu
55%
Godthåb, largest island, Inuit Nuuk
52%
Lindholm Høje Viking burial site, Karolinelund, akvavit production Aalborg
48%
countrymen struggle to understand their dialect, Nidaros, DORA 1 Trondheim
45%
Hanseatic city, Kiki's Delivery Service visual inspiration, Gotland Visby
45%
Celsius scale, Carl Linnaeus, huge burial mounds Uppsala
42%
Tinganes, Fort Skansin, capital of constituent country under Denmark Tórshavn
39%
Northern lights hotspot, Arctic Cathedral, Mack brewery Tromsø
39%
named after a Swedish royal house, the 1st library in Finland, Kvarken Vaasa
30%
other side of Kvarken, Meshuggah, Norrland Opera Umeå
27%
Finland's largest municipality, Sami culture, shrine of same name in Japan Inari
24%
Viking ship museum, big rock festival, Zealand Roskilde
24%
black sand beaches, Katla, southernmost village in Iceland Vík i Mýrdal
9%
UNESCO mining town, "copper-town", Plassje to Sami people Røros
3%
No matching quizzes found
Score Distribution
Percent of People with Each Score
Percentile by Number Answered
Your Score History
You have not taken this quiz